| 000 | 01299nam a22003617a 4500 | ||
|---|---|---|---|
| 001 | 000046688 | ||
| 003 | CHAP | ||
| 005 | 20220329140021.0 | ||
| 008 | 971013s1979 r 00010 d | ||
| 010 | _a45629 | ||
| 011 | _a46601 | ||
| 035 | _a50742 | ||
| 040 | _cCHAP | ||
| 082 | 0 | 4 |
_a630.717 _bU3 |
| 110 | 2 |
_aUACH. Departamento de Trabajos de Campo Universitarios _9115896 |
|
| 245 | 1 | 0 |
_aTrabajos de campo en Fitotecnia, 1978-79 : _b: memorias. |
| 260 |
_aChapingo, Méx. : _bDepartamento de Trabajos de Campo Universitarios, _c1979. |
||
| 300 | _a101 p. | ||
| 590 |
_aBATCH-UPD _b10 _c20130110 _lUCH01 _h1854 |
||
| 590 |
_aBATCH-UPD _b10 _c20130410 _lUCH01 _h1223 |
||
| 590 |
_aBATCH-UPD _b10 _c20130914 _lUCH01 _h1146 |
||
| 590 |
_aCONVERSION _b10 _c20130109 _lUCH01 _h1325 |
||
| 590 |
_aE5995AHE _b05 _c20150323 _lUCH01 _h1415 |
||
| 650 | 1 | 4 |
_aDesarrollo de la comunidad rural _zMéxico. _932040 |
| 650 | 1 | 4 |
_aEducación agrícola _zMéxico. _935552 |
| 650 | 1 | 4 |
_aExtensión agrícola _xMéxico. _939173 |
| 901 | _aBK | ||
| 942 | _cLIBRO | ||
| 942 | _n0 | ||
| 949 |
_a630.717 U3 _bBC _cLIBRO _d33724000036422 _eLIBRO _h47625 _i50742 _mD _si |
||
| 949 |
_a630.717 U3 _bBC _cLIBRO _d33724000036471 _eLIBRO _fc.2 _h47626 _i50742 _mD _si |
||
| 949 |
_a630.717 U3 _bBC _cUACH _d-113929 _eUACH _fc.3 _h47625 _i50742 _mD _si |
||
| 999 |
_c45629 _d45629 |
||